Normal view
MARC view
- MS-ELECT-16
Entry Topical Term
001 - CONTROL NUMBER
- control field: 73156
003 - CONTROL NUMBER IDENTIFIER
- control field: NUST
005 - DATE AND TIME OF LATEST TRANSACTION
- control field: 20210628204956.0
008 - FIXED-LENGTH DATA ELEMENTS
- fixed length control field: 210628|| aca||aabn | a|a d
040 ## - CATALOGING SOURCE
- Original cataloging agency: NUST
- Transcribing agency: NUST
150 ## - HEADING--TOPICAL TERM
- Topical term or geographic name entry element: MS-ELECT-16
670 ## - SOURCE DATA FOUND
- Source citation: Work cat.: (NUST): Zainab Nisha Khan 73155, TH-SOF-1761-Design of FSS Based Microwave Absorber For Wideband Absorption Applications, 2020
